000 00865nam a22002297a 4500
999 _c371068
_d371068
008 201130b ||||| |||| 00| 0 eng d
040 _bger
_cDE-2950
_erda
_aDE-2950
041 _ager
100 _aWeber-Rath, Ines:
245 _aEmpörung über gesperrte Zufahrt zu Kleingarten-Anlage.
_bImmobilien: In der Sparte "Bergstraße" hat der neue Eigentümer Fakten geschaffen und die Laubenpieper gegen sich aufgebracht./
_cInes Weber-Rath
264 _c2021
653 _aFrankfurt (Oder)
653 _aKleingartenanlage
653 _aImmobilie
653 _aGerichtsverhandlung
653 _aSperrung
773 _dFrankfurt (Oder): Märkisches Verlags- und Druckhaus GmbH & Co KG
_g32. Jahrgang (2021) Nr. 254 vom 30.10/31.10.2021, S. 17
_tMärkische Oderzeitung
942 _cA